| 000 | 00511nam a2200193 a 4500 | ||
|---|---|---|---|
| 005 | 20240910063947.0 | ||
| 008 | 991125s1976 mx 000 0 spa u | ||
| 020 | _a9681801016 | ||
| 035 | _aUPN01000000958 | ||
| 049 | _aCG | ||
| 050 | 4 |
_aLB1135 _bG7.28 |
|
| 100 | 1 | _aGrinder, Robert E. | |
| 245 | 1 | 0 |
_aAdolescencia / _cRobert E. Grinder ; tr. de Manuel Arboli Gazcón. |
| 260 |
_aMéxico : _bLimusa, _c1976. |
||
| 300 | _a579 p. | ||
| 650 | 4 |
_aAdolescencia _91008 |
|
| 650 | 2 |
_aPubertad _914834 |
|
| 905 | _aLibro | ||
| 999 |
_c958 _d958 |
||